| 000 | 01394pam a2200313 a 4500 | ||
|---|---|---|---|
| 999 |
_c329220 _d329220 |
||
| 001 | 2127097 | ||
| 003 | Nust | ||
| 005 | 20170427113753.0 | ||
| 008 | 971107s1998 maua b 001 0 eng | ||
| 010 | _a 97043819 | ||
| 020 | _a0072890878 | ||
| 040 |
_aDLC _cDLC _dDLC |
||
| 050 | 0 | 0 |
_aTD746 _b.C75 1998 |
| 082 | 0 | 0 |
_a628.3 CRI _221 |
| 100 | 1 | _aCrites, Ron. | |
| 245 | 1 | 0 |
_aSmall and Decentralized Wastewater Management Systems / _cRon Crites, George Tchobanoglous. |
| 260 |
_aBoston : _bWCB/McGraw-Hill, _cc1998. |
||
| 300 |
_axix, 1084 p. : _bill. ; _c25 cm. |
||
| 440 | 0 | _aMcGraw-Hill series in water resources and environmental engineering | |
| 500 | _aP.B | ||
| 504 | _aIncludes bibliographical references and indexes. | ||
| 650 | 0 | _aSewage disposal plants. | |
| 650 | 0 | _aAppropriate technology. | |
| 700 | 1 | _aTchobanoglous, George. | |
| 856 | 4 | 2 |
_3Publisher description _uhttp://www.loc.gov/catdir/description/mh023/97043819.html |
| 856 | 4 | 1 |
_3Table of contents _uhttp://www.loc.gov/catdir/toc/mh022/97043819.html |
| 856 | 4 | 2 |
_3Contributor biographical information _uhttp://www.loc.gov/catdir/enhancements/fy0737/97043819-b.html |
| 906 |
_a7 _bcbc _corignew _d1 _eocip _f19 _gy-gencatlg |
||
| 942 |
_2ddc _cBK _k628.3 CRI |
||